Vybrané metody eliminace trendu a identifikace cyklické složky v makroekonomických časových řadách

Popis vybraných detrendovacích techník, ktoré sa používajú v analýze klasických a rastových hospodárskych cyklov. Ide o techniky ako diferencia prvého rádu (FOD) hodnôt logaritmov pôvodnej časovej rady, Hodrick-Prescottov filter, pásmový filter spektrálnej (frekvenčnej) domény v modifikácii podľa Ba...

Description complète

Enregistré dans:
Détails bibliographiques
Auteur principal: Rozmahel, Petr
Format: Chapitre de livre
Langue:tchèque
Sujets:
Tags: Ajouter un tag
Pas de tags, Soyez le premier à ajouter un tag!

MARC

LEADER 00000naa$a2200000$$$4500
001 0087551
005 20220715094032.4
041 0 |a cze 
044 |a SK 
245 1 0 |a Vybrané metody eliminace trendu a identifikace cyklické složky v makroekonomických časových řadách  |c Petr Rozmahel 
520 |a Popis vybraných detrendovacích techník, ktoré sa používajú v analýze klasických a rastových hospodárskych cyklov. Ide o techniky ako diferencia prvého rádu (FOD) hodnôt logaritmov pôvodnej časovej rady, Hodrick-Prescottov filter, pásmový filter spektrálnej (frekvenčnej) domény v modifikácii podľa Baxter-Kinga. Aplikácia a porovnanie jednotlivých detrendovacích techník. 
610 2 0 |a metódy štatistické 
610 2 0 |a rady časové 
610 2 0 |a cykly hospodárske 
610 2 0 |a rast hospodársky 
610 2 0 |a analýza ekonomická 
610 2 0 |a štatistika 
100 1 |a Rozmahel, Petr